[Event "FIDE WCC Blitz Women 2019"]
[Site "Moscow"]
[Date "2019.12.29"]
[Round "9.21"]
[White "Matveeva, Svetlana"]
[Black "Cramling, Pia"]
[Result "1-0"]
[WhiteElo "2239"]
[BlackElo "2383"]
[Annotator "NA"]
[PlyCount "97"]
[EventDate "2019.12.29"]
[EventType "swiss"]
[EventCountry "RUS"]
[SourceTitle "playchess.com"]
[Source "ChessBase"]
[SourceQuality "1"]

1. d4 Nf6 2. c4 a6 3. Nc3 c5 4. d5 b5 5. cxb5 Qa5 6. b6 Bb7 7. Bd2 Qxb6 8. e4 e6 9. Bc4 exd5 10. exd5 Be7 11. Nge2 O-O 12. O-O d6 13. Ng3 Re8 14. Re1 Nbd7 15. Nf5 Bf8 16. b3 Ne5 17. Bg5 Nfd7 18. Qc2 Qc7 19. h3 Nb6 20. Ne3 Bc8 21. Bf4 Bd7 22. Rab1 Qc8 23. Bf1 g6 24. Rbc1 Bg7 25. Ne4 Qc7 26. Bg5 h6 27. Nf6+ Kh8 28. Nxe8 Bxe8 29. Bf4 a5 30. Bxe5 Bxe5 31. Nc4 Bg7 32. Nxb6 Qxb6 33. Re7 Bf6 34. Re2 a4 35. Rce1 Bd7 36. Re3 Kg7 37. Bc4 Qb4 38. Qe2 Qa5 39. Qf3 Qb4 40. Re4 axb3 41. axb3 Ra2 42. R1e2 Ra1+ 43. Kh2 Qa3 44. Re1 Ra2 45. Rf4 Qb2 46. g3 Qc3 47. Qxc3 Bxc3 48. Re7 Bf6 49. Rxd7 1-0

[Event "FIDE WCC Blitz Women 2019"]
[Site "Moscow"]
[Date "2019.12.29"]
[Round "9.22"]
[White "Tsogzolmaa, Nanjid"]
[Black "Mammadzada, Gunay"]
[Result "0-1"]
[WhiteElo "1775"]
[BlackElo "2314"]
[Annotator "NA"]
[PlyCount "108"]
[EventDate "2019.12.29"]
[EventType "swiss"]
[EventCountry "RUS"]
[SourceTitle "playchess.com"]
[Source "ChessBase"]
[SourceQuality "1"]

1. d4 d5 2. Nf3 Nf6 3. Bf4 e6 4. e3 Bd6 5. Bg3 c5 6. Nbd2 O-O 7. c3 Nc6 8. Bd3 b6 9. e4 Be7 10. e5 Nh5 11. O-O a5 12. Qe2 cxd4 13. Nxd4 Nxg3 14. hxg3 Qc7 15. N2f3 Nxd4 16. cxd4 Qa7 17. Qc2 g6 18. g4 Ba6 19. g3 Rac8 20. Qe2 Bxd3 21. Qxd3 Qc7 22. Kg2 Qc2 23. Qe3 Rfe8 24. Rh1 Bf8 25. Ng5 h6 26. Nf3 Qxb2 27. Rab1 Qxa2 28. Rxb6 Qc2 29. Rb7 Qe4 30. Qb3 Bb4 31. Qe3 Rc3 32. Qxe4 dxe4 33. Nd2 e3 34. fxe3 Rc2 35. Rxh6 Rxd2+ 36. Kf3 Kg7 37. Rh1 Rc8 38. Rf1 Rdc2 39. Ke4 R2c7 40. Rb5 Rc3 41. Rb7 R8c7 42. Rb5 Ra3 43. g5 Be7 44. Kf4 a4 45. Rb8 Rb3 46. Ra8 a3 47. Rh1 Bxg5+ 48. Kxg5 Rxe3 49. Kf4 Rcc3 50. Rhh8 Rf3+ 51. Kg4 Rxg3+ 52. Kf4 Rcf3+ 53. Ke4 Re3+ 54. Kf4 g5# 0-1

[Event "FIDE WCC Blitz Women 2019"]
[Site "Moscow"]
[Date "2019.12.29"]
[Round "9.23"]
[White "Nomin-Erdene, Davaademberel"]
[Black "Doluhanova, Evgeniya"]
[Result "0-1"]
[WhiteElo "2298"]
[BlackElo "2222"]
[Annotator "NA"]
[PlyCount "166"]
[EventDate "2019.12.29"]
[EventType "swiss"]
[EventCountry "RUS"]
[SourceTitle "playchess.com"]
[Source "ChessBase"]
[SourceQuality "1"]

1. e4 e5 2. Nf3 Nc6 3. Bb5 Nf6 4. d3 Bc5 5. c3 d6 6. d4 exd4 7. cxd4 Bb4+ 8. Bd2 Bxd2+ 9. Nbxd2 O-O 10. Bxc6 bxc6 11. O-O Re8 12. Qc2 Bg4 13. e5 Bxf3 14. Nxf3 dxe5 15. dxe5 Nd7 16. Rfe1 c5 17. Rad1 Qe7 18. Qf5 Nf8 19. Rc1 Ne6 20. Rc4 Red8 21. Rh4 g6 22. Qh3 h5 23. Qg3 Ng7 24. Rc4 Rab8 25. b3 Rb4 26. Qf4 Ne6 27. Qe4 Nd4 28. Nd2 Rxc4 29. Nxc4 Qd7 30. h3 Ne6 31. Qf3 Qd3 32. Qc6 Qc3 33. Qe4 Rd4 34. Qe3 Qxe3 35. Rxe3 Rd1+ 36. Kh2 Ra1 37. Re2 Nd4 38. Rd2 Kf8 39. Ne3 c6 40. Kg3 Ke7 41. Kf4 Ne6+ 42. Ke4 Nd4 43. Kd3 Rc1 44. f4 Ke6 45. g4 hxg4 46. hxg4 Nb5 47. Nc4 Rc3+ 48. Ke4 Nd4 49. Ne3 Rc1 50. f5+ gxf5+ 51. gxf5+ Ke7 52. Nc4 Re1+ 53. Kf4 Rf1+ 54. Ke4 Nxf5 55. Rg2 Nd4 56. Rg8 Re1+ 57. Kd3 Ra1 58. Rc8 Kd7 59. Rf8 Ke7 60. Rc8 Rxa2 61. b4 Ne6 62. Rxc6 cxb4 63. Nd6 b3 64. Kc3 b2 65. Kc2 Ra5 66. Kxb2 Rxe5 67. Nc4 Rc5 68. Rxc5 Nxc5 69. Ka3 f5 70. Kb4 Nd7 71. Ka5 Nb6 72. Ne3 f4 73. Ng4 Ke6 74. Ka6 Kf5 75. Nf2 Nd5 76. Kxa7 f3 77. Ka6 Kf4 78. Kb5 Kg3 79. Ne4+ Kg2 80. Kc4 Nf6 81. Nxf6 f2 82. Ng4 f1=Q+ 83. Kd4 Qf4+ 0-1

[Event "FIDE WCC Blitz Women 2019"]
[Site "Moscow"]
[Date "2019.12.29"]
[Round "9.24"]
[White "Khomeriki, Nino"]
[Black "Maltsevskaya, Aleksandra"]
[Result "1/2-1/2"]
[WhiteElo "2177"]
[BlackElo "2280"]
[Annotator "NA"]
[PlyCount "114"]
[EventDate "2019.12.29"]
[EventType "swiss"]
[EventCountry "RUS"]
[SourceTitle "playchess.com"]
[Source "ChessBase"]
[SourceQuality "1"]

1. d4 Nf6 2. c4 g6 3. Nf3 Bg7 4. g3 O-O 5. Bg2 d6 6. Nc3 Nbd7 7. O-O e5 8. e4 exd4 9. Nxd4 Nc5 10. Re1 Ng4 11. f3 Ne5 12. Bf1 Ne6 13. Nc2 h5 14. Be3 h4 15. f4 hxg3 16. hxg3 Nc6 17. Qd2 Nc5 18. Bg2 Be6 19. b3 Bg4 20. Rab1 Re8 21. Bf2 a5 22. Nd5 Qc8 23. Nde3 Bh3 24. Nd5 Bxg2 25. Kxg2 Nxe4 26. Qd3 Nxf2 27. Kxf2 Nb4 28. Ncxb4 axb4 29. Ne7+ Rxe7 30. Rxe7 Qg4 31. Qe2 Bd4+ 32. Kg2 Qf5 33. Re8+ Kg7 34. Re1 Rxe8 35. Qxe8 Qc2+ 36. Qe2 Qc3 37. Rd1 Bf6 38. Rd3 Qa1 39. Rd1 Qc3 40. g4 g5 41. fxg5 Bxg5 42. Rd3 Qa1 43. Rf3 Qd4 44. Rf5 Bf6 45. Kh3 Be5 46. Qf3 f6 47. g5 Qa1 48. gxf6+ Bxf6 49. Qg4+ Kf7 50. Qh5+ Ke6 51. Rf2 Qh1+ 52. Rh2 Qf1+ 53. Rg2 Qh1+ 54. Rh2 Qf1+ 55. Rg2 Qh1+ 56. Rh2 Qf1+ 57. Kg4 Qg1+ 1/2-1/2

[Event "FIDE WCC Blitz Women 2019"]
[Site "Moscow"]
[Date "2019.12.29"]
[Round "9.25"]
[White "Mamedjarova, Turkan"]
[Black "Goltseva, Ekaterina"]
[Result "0-1"]
[WhiteElo "2273"]
[BlackElo "2143"]
[Annotator "NA"]
[PlyCount "162"]
[EventDate "2019.12.29"]
[EventType "swiss"]
[EventCountry "RUS"]
[SourceTitle "playchess.com"]
[Source "ChessBase"]
[SourceQuality "1"]

1. d4 Nf6 2. c4 e6 3. Nc3 Bb4 4. Qc2 O-O 5. Nf3 c5 6. e4 cxd4 7. Nxd4 Nc6 8. Nxc6 dxc6 9. Bg5 e5 10. Be2 Be7 11. O-O Be6 12. Rad1 Qc7 13. Rd2 Rad8 14. Rfd1 h6 15. Be3 b6 16. a3 Ng4 17. Bxg4 Bxg4 18. f3 Be6 19. Ne2 Rxd2 20. Rxd2 Rd8 21. h3 Rxd2 22. Bxd2 Qd7 23. Be3 Kh7 24. Kh2 Bd6 25. b4 Be7 26. Nc1 Qd8 27. Nd3 Bg5 28. Bxg5 Qxg5 29. Qe2 Bxc4 30. Qd1 Qd8 31. Nf2 Qxd1 32. Nxd1 Kg6 33. Kg3 Kf6 34. Kf2 c5 35. bxc5 bxc5 36. g3 Ke6 37. Ke3 Kd6 38. f4 f6 39. Nf2 Be6 40. Kd2 c4 41. Kc3 Kc5 42. h4 Kb5 43. Nd1 Ka4 44. Kb2 Kb5 45. Kc3 Bf7 46. Nb2 Kc5 47. a4 a5 48. Nd1 Be6 49. Ne3 Bf7 50. Ng4 exf4 51. gxf4 Bg6 52. e5 fxe5 53. Nxe5 Bd3 54. Nd7+ Kc6 55. Ne5+ Kc5 56. Nd7+ Kd6 57. Ne5 Be2 58. Kd4 Bd1 59. Nxc4+ Ke6 60. Nxa5 Bxa4 61. Nc4 Kf5 62. Ke3 Bc6 63. Ne5 Bd5 64. Nd3 Kg4 65. Kd4 Bb7 66. Ke5 Kxh4 67. Kf5 Kh5 68. Nf2 Bc8+ 69. Ke5 g6 70. Kf6 Bf5 71. Kg7 Bc2 72. Kf6 Kh4 73. Ke5 Kg3 74. f5 gxf5 75. Nd1 Bxd1 76. Kxf5 h5 77. Kg5 h4 78. Kf5 h3 79. Ke5 h2 80. Kd4 h1=Q 81. Ke3 Qf3+ 0-1

[Event "FIDE WCC Blitz Women 2019"]
[Site "Moscow"]
[Date "2019.12.29"]
[Round "9.26"]
[White "Garifullina, Leya"]
[Black "Dordzhieva, Dinara"]
[Result "1/2-1/2"]
[WhiteElo "2267"]
[BlackElo "2222"]
[Annotator "NA"]
[PlyCount "175"]
[EventDate "2019.12.29"]
[EventType "swiss"]
[EventCountry "RUS"]
[SourceTitle "playchess.com"]
[Source "ChessBase"]
[SourceQuality "1"]

1. e4 c5 2. Nf3 d6 3. d4 cxd4 4. Nxd4 Nf6 5. Nc3 a6 6. h3 e6 7. g4 h6 8. Bg2 g5 9. b3 Nbd7 10. Bb2 Ne5 11. Qd2 Qc7 12. O-O-O b5 13. Rhf1 Be7 14. Kb1 Nfd7 15. Nce2 Bb7 16. f4 gxf4 17. Nxf4 O-O-O 18. Nd3 Kb8 19. Nf3 Nxf3 20. Bxf3 f6 21. Bh1 Nc5 22. Nf4 Rdg8 23. Qe3 e5 24. Nd5 Bxd5 25. exd5 Rc8 26. Qe2 Nd7 27. Rc1 Nb6 28. Be4 Qc5 29. Qd3 Rcf8 30. c4 b4 31. Rc2 h5 32. Bc1 Nd7 33. Bf5 Qc7 34. Bxd7 Qxd7 35. Rd1 hxg4 36. hxg4 Rc8 37. c5 dxc5 38. d6 Rhd8 39. Qxa6 Bxd6 40. Rcd2 Qh7+ 41. Ka1 Bc7 42. Qb5+ Ka8 43. Qc6+ Kb8 44. Qxc5 Rxd2 45. Bxd2 e4 46. Qxb4+ Ka8 47. Bc3 e3 48. Bb2 e2 49. Re1 Qd3 50. Qa4+ Kb8 51. Qb4+ Ka8 52. Qa4+ Kb7 53. Qb4+ Bb6 54. Qe7+ Rc7 55. Qxe2 Qxe2 56. Rxe2 Rg7 57. Bxf6 Rxg4 58. Kb2 Rf4 59. Bc3 Rf3 60. Rc2 Ka6 61. a4 Kb7 62. b4 Bc7 63. Rd2 Bf4 64. Rd7+ Kc6 65. Rh7 Bc1+ 66. Kxc1 Rxc3+ 67. Kb2 Rf3 68. Rh2 Kb6 69. Rc2 Rg3 70. Rc3 Rg4 71. Kb3 Rf4 72. a5+ Kb5 73. Rc5+ Ka6 74. Rh5 Rf3+ 75. Ka4 Rf4 76. Rh6+ Kb7 77. a6+ Ka7 78. Ka5 Rf5+ 79. b5 Re5 80. Rh7+ Kb8 81. a7+ Ka8 82. Rc7 Rxb5+ 83. Ka6 Rb6+ 84. Ka5 Rb5+ 85. Ka6 Rb6+ 86. Ka5 Rb5+ 87. Ka6 Rb6+ 88. Kxb6 1/2-1/2

[Event "FIDE WCC Blitz Women 2019"]
[Site "Moscow"]
[Date "2019.12.29"]
[Round "9.27"]
[White "Hejazipour, Mitra"]
[Black "Khademalsharieh, Sarasadat"]
[Result "1-0"]
[WhiteElo "2191"]
[BlackElo "2463"]
[Annotator "TA"]
[PlyCount "83"]
[EventDate "2019.12.29"]
[EventType "swiss"]
[EventCountry "RUS"]
[SourceTitle "playchess.com"]
[Source "ChessBase"]
[SourceQuality "1"]

1. d4 Nf6 2. c4 e6 3. Nf3 a6 4. Nc3 d5 5. cxd5 exd5 6. Bf4 Bd6 7. e3 Bxf4 8. exf4 O-O 9. Be2 b6 10. O-O c5 11. Ne5 Bb7 12. Bf3 Qd6 13. Qd2 Ne4 14. Qe3 Nxc3 15. bxc3 f6 16. Nd3 Nd7 17. Rfe1 c4 18. Nb4 a5 19. Nc2 b5 20. Qe7 Qxe7 21. Rxe7 Rf7 22. Re6 Nf8 23. Rb6 Rd8 24. Rxb5 a4 25. Ne3 Rfd7 26. Rab1 Ba8 27. Ra5 Ne6 28. g3 Bc6 29. Rb6 Rd6 30. Raa6 Nc7 31. Ra7 Nb5 32. Raa6 Nc7 33. Ra5 Kf8 34. Rc5 Nb5 35. Rbxc6 Rxc6 36. Rxc6 Nxc3 37. Rc5 Nxa2 38. Bxd5 Nb4 39. Bxc4 a3 40. Ra5 Rxd4 41. Rxa3 g6 42. Ra7 1-0

[Event "FIDE WCC Blitz Women 2019"]
[Site "Moscow"]
[Date "2019.12.29"]
[Round "9.28"]
[White "Gaponenko, Inna"]
[Black "Atalik, Ekaterina"]
[Result "1-0"]
[WhiteElo "2415"]
[BlackElo "2211"]
[Annotator "NA"]
[PlyCount "117"]
[EventDate "2019.12.29"]
[EventType "swiss"]
[EventCountry "RUS"]
[SourceTitle "playchess.com"]
[Source "ChessBase"]
[SourceQuality "1"]

1. e4 e5 2. Nf3 Nc6 3. Bb5 a6 4. Bxc6 dxc6 5. O-O f6 6. d4 exd4 7. Nxd4 c5 8. Ne2 Qxd1 9. Rxd1 Bd7 10. Be3 O-O-O 11. Nbc3 Bd6 12. Bf4 Bxf4 13. Nxf4 Ne7 14. Rd2 Bg4 15. Rxd8+ Rxd8 16. f3 Bd7 17. Rd1 Re8 18. Nh5 Rg8 19. Nd5 Nxd5 20. Rxd5 b6 21. a3 Be6 22. Rd2 Bf7 23. Ng3 Rd8 24. Rxd8+ Kxd8 25. Kf2 g6 26. Ke3 Ke7 27. f4 Bc4 28. Nh1 Bf1 29. g3 a5 30. Nf2 Ke6 31. Ng4 Bh3 32. Nf2 Bf1 33. Nd1 Ba6 34. Nc3 Bb7 35. Nb5 Kd7 36. Nc3 Ke6 37. Ne2 Ba6 38. Nc1 Bc4 39. Nd3 Ba6 40. Nf2 Bf1 41. Nd3 Bxd3 42. Kxd3 b5 43. Ke3 Kd6 44. g4 Ke6 45. h4 h5 46. gxh5 gxh5 47. c3 Kd6 48. Kd3 c4+ 49. Kd4 c5+ 50. Ke3 Ke6 51. Kf3 f5 52. exf5+ Kxf5 53. Ke3 b4 54. a4 Kg4 55. Ke4 Kxh4 56. f5 Kg3 57. f6 h4 58. f7 h3 59. f8=Q 1-0

[Event "FIDE WCC Blitz Women 2019"]
[Site "Moscow"]
[Date "2019.12.29"]
[Round "9.29"]
[White "Munkhzul, Turmunkh"]
[Black "Zatonskih, Anna"]
[Result "1-0"]
[WhiteElo "2139"]
[BlackElo "2374"]
[Annotator "NA"]
[PlyCount "106"]
[EventDate "2019.12.29"]
[EventType "swiss"]
[EventCountry "RUS"]
[SourceTitle "playchess.com"]
[Source "ChessBase"]
[SourceQuality "1"]

1. e4 d5 2. exd5 Qxd5 3. Nc3 Qd6 4. d4 c6 5. Nf3 Bg4 6. Be2 Nf6 7. O-O e6 8. Be3 Nbd7 9. Qd2 Qc7 10. Bf4 Bd6 11. Bxd6 Qxd6 12. Rad1 O-O 13. Qe3 Nd5 14. Nxd5 cxd5 15. c3 Rab8 16. Ne5 Bxe2 17. Qxe2 b5 18. a3 a5 19. Nd3 Rfc8 20. Rc1 Re8 21. f4 f5 22. b4 axb4 23. axb4 Nf6 24. Nc5 Ne4 25. Qd3 Qc6 26. Ra1 Ra8 27. h3 h6 28. Kh2 Rf8 29. Qe3 Qd6 30. g3 Qc6 31. Qd3 Qd6 32. Qe3 Kh7 33. h4 Rfe8 34. Qd3 Qc6 35. Rfe1 Kg8 36. Rf1 Reb8 37. Rfe1 Rf8 38. Rec1 Rfe8 39. Re1 Rf8 40. Rec1 Rfb8 41. Re1 Qe8 42. Na6 Rc8 43. Nc5 Qc6 44. Rec1 Kh7 45. Re1 Rg8 46. Qf3 Qd6 47. Nb7 Qc6 48. Nc5 Qd6 49. Nb7 Qc6 50. Nc5 Rge8 51. Qd3 Nf2 52. Qf3 Ne4 53. Qd3 Rf8 1-0

[Event "FIDE WCC Blitz Women 2019"]
[Site "Moscow"]
[Date "2019.12.29"]
[Round "9.30"]
[White "Bivol, Alina"]
[Black "Pourkashiyan, Atousa"]
[Result "1/2-1/2"]
[WhiteElo "2186"]
[BlackElo "2327"]
[Annotator "NA"]
[PlyCount "85"]
[EventDate "2019.12.29"]
[EventType "swiss"]
[EventCountry "RUS"]
[SourceTitle "playchess.com"]
[Source "ChessBase"]
[SourceQuality "1"]

1. Nf3 d5 2. g3 c6 3. Bg2 Nf6 4. O-O Bg4 5. h3 Bh5 6. d3 Nbd7 7. Qe1 e6 8. e4 Be7 9. e5 Ng8 10. d4 Bg6 11. Qd1 c5 12. c3 h5 13. h4 Nh6 14. Bxh6 Rxh6 15. c4 Kf8 16. cxd5 exd5 17. Nc3 Be4 18. Re1 cxd4 19. Nxe4 dxe4 20. Rxe4 Qb6 21. Rxd4 Nc5 22. b3 Re8 23. Rd5 Ne6 24. Rc1 Bc5 25. Qd2 Rg6 26. Ng5 Nxg5 27. Rdxc5 Ne6 28. Rc8 Nd8 29. Kh2 Rge6 30. Rd1 Nc6 31. Rxe8+ Rxe8 32. Qd6+ Kg8 33. f4 Qf2 34. Rd2 Qe1 35. Bxc6 bxc6 36. Qd7 Rf8 37. e6 fxe6 38. Rd6 Qe2+ 39. Kh3 Qg4+ 40. Kh2 Qe2+ 41. Kh3 Qf1+ 42. Kh2 Qe2+ 43. Kh3 1/2-1/2

[Event "FIDE WCC Blitz Women 2019"]
[Site "Moscow"]
[Date "2019.12.29"]
[Round "9.31"]
[White "Heinemann, Josefine"]
[Black "Protopopova, Anastasiya"]
[Result "1-0"]
[WhiteElo "2325"]
[BlackElo "2084"]
[Annotator "NA"]
[PlyCount "107"]
[EventDate "2019.12.29"]
[EventType "swiss"]
[EventCountry "RUS"]
[SourceTitle "playchess.com"]
[Source "ChessBase"]
[SourceQuality "1"]

1. e4 c5 2. Nf3 d6 3. d4 cxd4 4. Nxd4 Nf6 5. Nc3 a6 6. f3 e5 7. Nb3 Be6 8. Be3 h5 9. Qd2 Nbd7 10. Nd5 Bxd5 11. exd5 g6 12. c4 b6 13. Rc1 a5 14. Na1 Bg7 15. Be2 O-O 16. O-O e4 17. f4 Ng4 18. Bxg4 hxg4 19. f5 Ne5 20. Bg5 Bf6 21. Bh6 Re8 22. fxg6 fxg6 23. Qf4 Bh8 24. Kh1 Ra7 25. Qxe4 Rh7 26. Bf4 Qh4 27. Rce1 Qh5 28. Nc2 Rhe7 29. Nd4 Nf3 30. Ne6 Nxe1 31. Rxe1 Rd7 32. Qe3 Bxb2 33. Qxb6 Bc3 34. Rf1 Be5 35. Bxe5 dxe5 36. Qc6 Rde7 37. Kg1 Qh6 38. Qc5 e4 39. Nf4 e3 40. Ne2 Qg5 41. Qd4 Rd7 42. Qf4 Qe7 43. Qxg4 Kg7 44. h4 Kh6 45. g3 Rb7 46. Qf4+ Kg7 47. Qd4+ Kg8 48. d6 Qd7 49. Qd5+ Kg7 50. h5 Re6 51. Nf4 Rxd6 52. Qe5+ Kg8 53. Nxg6 Rb8 54. Qh8# 1-0

[Event "FIDE WCC Blitz Women 2019"]
[Site "Moscow"]
[Date "2019.12.29"]
[Round "9.32"]
[White "Nurgali, Nazerke"]
[Black "Assaubayeva, Bibisara"]
[Result "1-0"]
[WhiteElo "2075"]
[BlackElo "2323"]
[Annotator "NA"]
[PlyCount "117"]
[EventDate "2019.12.29"]
[EventType "swiss"]
[EventCountry "RUS"]
[SourceTitle "playchess.com"]
[Source "ChessBase"]
[SourceQuality "1"]

1. d4 Nf6 2. c4 g6 3. Nf3 Bg7 4. Nc3 O-O 5. e4 d6 6. Be2 e5 7. dxe5 dxe5 8. Qxd8 Rxd8 9. Bg5 Re8 10. O-O-O Bg4 11. h3 Bxf3 12. Bxf3 Nc6 13. Nb5 Re7 14. Rhe1 a6 15. Nc3 Nd4 16. Bxf6 Bxf6 17. Nd5 Bg5+ 18. Kb1 Rd7 19. Bg4 f5 20. exf5 gxf5 21. Bh5 Rf8 22. Rxe5 c5 23. f4 Bd8 24. Rd3 b5 25. Rg3+ Rg7 26. Rxg7+ Kxg7 27. cxb5 axb5 28. Ne3 Bb6 29. Re7+ Kh8 30. Rb7 Ba5 31. Nc2 Rd8 32. Nxd4 cxd4 33. Rxb5 Bc7 34. Rxf5 d3 35. Bd1 Re8 36. Rd5 Bxf4 37. Rxd3 Re1 38. Kc2 Rg1 39. g4 Rg2+ 40. Kb3 Be5 41. Bc2 h6 42. Rd5 Bf6 43. a4 Rg3+ 44. Rd3 Rg2 45. a5 Rg1 46. a6 Ra1 47. Rd6 Kg7 48. Rc6 Bd4 49. Bd3 Rd1 50. Kc4 Bxb2 51. a7 Ra1 52. Rc7+ Kf6 53. Kb5 Bd4 54. Rc6+ Kg5 55. Ra6 Rxa6 56. Kxa6 Bxa7 57. Kxa7 Kh4 58. Bg6 Kxh3 59. Bh5 1-0

[Event "FIDE WCC Blitz Women 2019"]
[Site "Moscow"]
[Date "2019.12.29"]
[Round "9.33"]
[White "Kovalevskaya, Ekaterina"]
[Black "Fominykh, Maria"]
[Result "1/2-1/2"]
[WhiteElo "2286"]
[BlackElo "2055"]
[Annotator "NA"]
[PlyCount "85"]
[EventDate "2019.12.29"]
[EventType "swiss"]
[EventCountry "RUS"]
[SourceTitle "playchess.com"]
[Source "ChessBase"]
[SourceQuality "1"]

1. e4 e6 2. d4 d5 3. Nc3 Nf6 4. Bd3 dxe4 5. Nxe4 Nxe4 6. Bxe4 Nd7 7. Nf3 Be7 8. O-O Nf6 9. Bd3 O-O 10. Ne5 c5 11. dxc5 Qc7 12. Bf4 Qxc5 13. Qf3 Nd5 14. Bg3 Bf6 15. c3 Kh8 16. Ng4 Bg5 17. h4 Bd8 18. Be5 f5 19. Ne3 Bxh4 20. Bd4 Qd6 21. Nxd5 Qxd5 22. Qh3 Bf6 23. Bxf6 Rxf6 24. Rad1 Qc5 25. Bc2 Qc7 26. Qd3 Rf8 27. Rfe1 e5 28. Qd6 Qxd6 29. Rxd6 e4 30. Bb3 b6 31. Bd5 Rb8 32. Rd1 Bb7 33. Rd7 Bxd5 34. R1xd5 a5 35. g3 h6 36. R5d6 Kh7 37. Re6 b5 38. Ree7 Rg8 39. Ra7 a4 40. Rf7 Rbf8 41. Rfb7 Rb8 42. Rf7 Rbf8 43. Rfb7 1/2-1/2

[Event "FIDE WCC Blitz Women 2019"]
[Site "Moscow"]
[Date "2019.12.29"]
[Round "9.34"]
[White "Guseva, Marina"]
[Black "Nazarova, Anastasia"]
[Result "1-0"]
[WhiteElo "2245"]
[BlackElo "2049"]
[Annotator "NA"]
[PlyCount "85"]
[EventDate "2019.12.29"]
[EventType "swiss"]
[EventCountry "RUS"]
[SourceTitle "playchess.com"]
[Source "ChessBase"]
[SourceQuality "1"]

1. d4 Nf6 2. c4 g6 3. Nf3 Bg7 4. g3 O-O 5. Bg2 d6 6. O-O c6 7. Nc3 Bf5 8. Ne1 d5 9. b3 a5 10. Bb2 Na6 11. Nd3 Ne4 12. Nxe4 Bxe4 13. f3 Bxd3 14. Qxd3 Nb4 15. Qd2 Qd7 16. a3 Na6 17. e4 Rfd8 18. Rad1 Nc7 19. f4 a4 20. cxd5 cxd5 21. b4 dxe4 22. Bxe4 Nd5 23. f5 Rac8 24. Rf3 Nb6 25. Qf2 gxf5 26. Rxf5 e6 27. Rh5 f5 28. Bb1 Nc4 29. Kg2 Qd5+ 30. Kh3 Nxb2 31. Qxb2 Rc4 32. Ba2 Rdc8 33. Bxc4 Rxc4 34. Qe2 Rxd4 35. Rxd4 Bxd4 36. Rh6 e5 37. Qh5 Be3 38. Rxh7 Qe6 39. Rh8+ Kg7 40. Qh7+ Kf6 41. Rf8+ Kg5 42. Rg8+ Kf6 43. Rg6# 1-0

[Event "FIDE WCC Blitz Women 2019"]
[Site "Moscow"]
[Date "2019.12.29"]
[Round "9.35"]
[White "Druzhinina, Olga"]
[Black "Serikbay, Assel"]
[Result "0-1"]
[WhiteElo "2245"]
[BlackElo "2028"]
[Annotator "NA"]
[PlyCount "86"]
[EventDate "2019.12.29"]
[EventType "swiss"]
[EventCountry "RUS"]
[SourceTitle "playchess.com"]
[Source "ChessBase"]
[SourceQuality "1"]

1. d4 d5 2. c4 c6 3. Nc3 Nf6 4. cxd5 cxd5 5. Nf3 Nc6 6. Bf4 a6 7. e3 e6 8. Bd3 Bd6 9. Bxd6 Qxd6 10. O-O O-O 11. a3 b5 12. Rc1 Na5 13. Ne5 Nc4 14. Bxc4 bxc4 15. Na4 Rb8 16. Qc2 Bd7 17. Nc5 a5 18. f4 Bc6 19. Rf2 Ne8 20. f5 exf5 21. Qxf5 f6 22. Nxc6 Qxc6 23. Nd7 Rb7 24. Nxf8 Kxf8 25. Qxh7 Nd6 26. Qh8+ Kf7 27. Qh5+ Kf8 28. Rcc2 Ne4 29. Rf5 Qe6 30. Rxd5 Nd6 31. Re2 c3 32. Qh8+ Kf7 33. Qh5+ Kf8 34. Qh8+ Kf7 35. Qh5+ Kf8 36. Qh8+ Kf7 37. Qh5+ Kf8 38. Qh8+ Kf7 39. Qh5+ Ke7 40. Rb5 Rxb5 41. Qf3 cxb2 42. Re1 b1=Q 43. Rxb1 Rxb1+ 0-1

[Event "FIDE WCC Blitz Women 2019"]
[Site "Moscow"]
[Date "2019.12.29"]
[Round "9.36"]
[White "Kulon, Klaudia"]
[Black "Enkhtuul, Altan-Ulzii"]
[Result "1-0"]
[WhiteElo "2457"]
[BlackElo "2149"]
[Annotator "ChessBase"]
[PlyCount "115"]
[EventDate "2019.12.29"]
[EventType "swiss"]
[EventCountry "RUS"]
[SourceTitle "playchess.com"]
[Source "ChessBase"]
[SourceQuality "1"]

1. d4 c5 2. d5 d6 3. g3 Nf6 4. Bg2 g6 5. e4 Bg7 6. h3 O-O 7. Ne2 Na6 8. O-O Nc7 9. a4 Rb8 10. c4 b6 11. Nbc3 a6 12. f4 b5 13. axb5 axb5 14. e5 Nfe8 15. cxb5 dxe5 16. fxe5 Bxe5 17. Be3 Qd6 18. Ne4 Qd7 19. Nxc5 Qxb5 20. Nd3 Bg7 21. Nc3 Qc4 22. Ra4 Qb3 23. Ba7 Qxd1 24. Rxd1 Rb3 25. Bc5 Bf6 26. Ne4 Nxd5 27. Nc1 Rxb2 28. Rxd5 Bb7 29. Rd7 Bc6 30. Nxf6+ Nxf6 31. Bxc6 Nxd7 32. Bxd7 Rc2 33. Be3 Rd8 34. Bg4 f5 35. Be2 Rc3 36. Kf2 Rc2 37. Ra2 Rxa2 38. Nxa2 e5 39. Nb4 Re8 40. Bc4+ Kg7 41. Nc6 Kf6 42. h4 f4 43. gxf4 exf4 44. Bxf4 Re4 45. Bg5+ Kf5 46. Bd3 h6 47. Bxh6 Kg4 48. Bxe4 Kxh4 49. Bxg6 Kg4 50. Ne5+ Kh4 51. Kf3 Kh3 52. Bg5 Kh2 53. Bf5 Kh1 54. Be3 Kh2 55. Kf2 Kh1 56. Kf1 Kh2 57. Bf4+ Kh1 58. Be4# 1-0

[Event "FIDE WCC Blitz Women 2019"]
[Site "Moscow"]
[Date "2019.12.29"]
[Round "9.37"]
[White "Shumilina, Alexandra"]
[Black "Ushenina, Anna"]
[Result "0-1"]
[WhiteElo "2139"]
[BlackElo "2424"]
[Annotator "NA RC"]
[PlyCount "67"]
[EventDate "2019.12.29"]
[EventType "swiss"]
[EventCountry "RUS"]
[SourceTitle "playchess.com"]
[Source "ChessBase"]
[SourceQuality "1"]

1. e4 c5 2. c3 Nf6 3. e5 Nd5 4. d4 cxd4 5. Qxd4 e6 6. Nf3 Nc6 7. Qe4 f5 8. Qe2 Qc7 9. g3 b5 10. Bg2 a5 11. O-O Ba6 12. Re1 Be7 13. b3 O-O 14. Bb2 f4 15. g4 Bc5 16. Nbd2 Bb6 17. Rac1 h6 18. c4 bxc4 19. Nxc4 a4 20. Qe4 axb3 21. axb3 Bxc4 22. Rxc4 Ra2 23. Rb1 Qa7 24. Rc2 Ncb4 25. Re2 Rc8 26. g5 Rf8 27. gxh6 Rf5 28. Bh3 g6 29. Bxf5 gxf5 30. Qc4 Qa8 31. Rc1 Nc6 32. Kh1 Qe8 33. Rg1+ Kh8 34. h7 0-1

[Event "FIDE WCC Blitz Women 2019"]
[Site "Moscow"]
[Date "2019.12.29"]
[Round "9.38"]
[White "Danielian, Elina"]
[Black "Yakimova, Mariya"]
[Result "1-0"]
[WhiteElo "2341"]
[BlackElo "2128"]
[Annotator "NA"]
[PlyCount "129"]
[EventDate "2019.12.29"]
[EventType "swiss"]
[EventCountry "RUS"]
[SourceTitle "playchess.com"]
[Source "ChessBase"]
[SourceQuality "1"]

1. Nf3 Nf6 2. c4 g6 3. g3 Bg7 4. Bg2 O-O 5. O-O d6 6. Nc3 e5 7. d3 Nc6 8. Rb1 a5 9. a3 Re8 10. b4 axb4 11. axb4 d5 12. Bg5 dxc4 13. dxc4 Be6 14. Nd2 h6 15. Bxf6 Bxf6 16. Nd5 Bg7 17. Ne4 Nd4 18. e3 Bxd5 19. cxd5 Nb5 20. Qd3 Nd6 21. Rfc1 Nxe4 22. Qxe4 Qd6 23. Qc4 Rec8 24. e4 c6 25. Qc5 Qd7 26. Qb6 Ra6 27. Qe3 cxd5 28. exd5 Rxc1+ 29. Rxc1 Qb5 30. Bf1 Qxb4 31. Bxa6 bxa6 32. Qc5 Qd2 33. Qc8+ Kh7 34. Qc6 e4 35. d6 Bd4 36. Rf1 e3 37. fxe3 Qxe3+ 38. Kh1 Kg7 39. d7 Qe7 40. Qd5 Bb6 41. Rd1 Bd8 42. Qd4+ Qf6 43. Qxf6+ Kxf6 44. Re1 Be7 45. Kg2 a5 46. Re4 h5 47. Kf3 a4 48. Rxa4 Ke6 49. Rd4 Bd8 50. Rd1 Ke7 51. Ke4 Bc7 52. Rd3 Bd8 53. h3 Bc7 54. g4 hxg4 55. hxg4 f6 56. Rd5 Bd8 57. Kd4 Bb6+ 58. Kc4 f5 59. Kb5 Bd8 60. gxf5 gxf5 61. Kc6 f4 62. Rf5 Ke6 63. Rxf4 Bg5 64. Re4+ Kf7 65. Re8 1-0

[Event "FIDE WCC Blitz Women 2019"]
[Site "Moscow"]
[Date "2019.12.29"]
[Round "9.39"]
[White "Nebolsina, Vera"]
[Black "Khokhlova, Daria"]
[Result "1-0"]
[WhiteElo "2252"]
[BlackElo "2109"]
[Annotator "NA"]
[PlyCount "71"]
[EventDate "2019.12.29"]
[EventType "swiss"]
[EventCountry "RUS"]
[SourceTitle "playchess.com"]
[Source "ChessBase"]
[SourceQuality "1"]

1. e4 c5 2. Nc3 Nc6 3. Bb5 Nd4 4. Bc4 g6 5. Nge2 Bg7 6. Nxd4 cxd4 7. Qf3 e6 8. Nb5 d6 9. Qa3 Be5 10. d3 g5 11. c3 dxc3 12. d4 a6 13. dxe5 axb5 14. Bxb5+ Bd7 15. Bxd7+ Kxd7 16. Qxc3 Qc8 17. Qd3 Qc5 18. Be3 Qb4+ 19. Bd2 Qb6 20. O-O Ne7 21. Be3 Qa6 22. Qb3 Nc6 23. exd6 Kxd6 24. Rfd1+ Kc7 25. Bxg5 Rae8 26. Bf4+ Kc8 27. Rac1 e5 28. Be3 Re6 29. Qd5 Kb8 30. Qc5 Rc8 31. Qd5 Qa4 32. b3 Qa6 33. a4 Ne7 34. Rxc8+ Nxc8 35. Rc1 Ne7 36. Qd8+ 1-0